| 000 | 00398nam a2200169Ia 4500 | ||
|---|---|---|---|
| 008 | 230524s9999 xx 000 0 und d | ||
| 020 | _a0074639420 | ||
| 082 |
_a4 _bURM |
||
| 100 |
_aScott Urman _913658 |
||
| 245 | 0 | _aORACLE 8 PL/SQL Programming | |
| 250 | _a1ST | ||
| 260 |
_aNEW DELHI _bTMH _c1999 |
||
| 300 | _aXXXI;982 | ||
| 500 | _aQuantity Number: 1 | ||
| 650 | _aComp-Sc | ||
| 942 | _cBK | ||
| 999 |
_c19557 _d19557 |
||